[Event "Sitges op 47th"]
[Site "Sitges"]
[Date "2023.07.25"]
[Round "4"]
[White "Cruz Estrada, Filemon"]
[Black "Gourav, Nigam"]
[Result "1/2-1/2"]
[WhiteElo "2285"]
[BlackElo "1967"]
[PlyCount "47"]
[EventDate "2023.07.22"]
[EventType "swiss"]
[EventRounds "9"]
[EventCountry "ESP"]
[SourceTitle "CBM 215 Extra"]
[Source "ChessBase"]
[SourceDate "2023.09.30"]
[SourceVersion "1"]
[SourceVersionDate "2023.09.30"]
[SourceQuality "1"]

1. c4 Nf6 2. Nc3 g6 3. g3 Bg7 4. Bg2 0-0 5. d3 d6 6. Nf3 e5 7. 0-0 Nc6 8. Rb1 a5 9. a3 Re8 10. Ne1 Nd4 11. b4 axb4 12. axb4 c6 13. b5 d5 14. bxc6 bxc6 15. cxd5 cxd5 16. Bg5 Be6 17. e3 Nf5 18. Nc2 Rc8 19. Nb5 h6 20. Bxf6 Bxf6 21. Nb4 Rc5 22. Na6 Rc6 23. Nb4 Rc5 24. Na6 1/2-1/2

[Event "Sitges op 46th"]
[Site "Sitges"]
[Date "2022.07.29"]
[Round "8"]
[White "Gourav, Nigam"]
[Black "Webb, Laurence"]
[Result "0-1"]
[WhiteElo "1803"]
[BlackElo "2144"]
[PlyCount "50"]
[EventDate "2022.07.22"]
[EventType "swiss"]
[EventRounds "9"]
[EventCountry "ESP"]
[SourceTitle "CBM 209 Extra"]
[Source "ChessBase"]
[SourceDate "2022.09.30"]
[SourceVersion "1"]
[SourceVersionDate "2022.09.30"]
[SourceQuality "1"]

1. e4 e6 2. d4 d5 3. Nc3 Bb4 4. e5 c5 5. a3 Bxc3+ 6. bxc3 Qa5 7. Bd2 Qa4 8. Qg4 Kf8 9. h4 Qxc2 10. Rc1 Qe4+ 11. Qxe4 dxe4 12. f3 exf3 13. Nxf3 Nc6 14. Bd3 cxd4 15. cxd4 Nge7 16. 0-0 h6 17. h5 Ke8 18. Rce1 Bd7 19. Re4 Nf5 20. Nh2 Rd8 21. g4 Nfe7 22. Kg2 b6 23. Rh1 Na5 24. g5 Bc6 25. Kg3 Nb3 0-1

[Event "Barcelona Sant Marti op-A 22nd"]
[Site "Barcelona"]
[Date "2022.07.19"]
[Round "7"]
[White "Marabajan Navas, Saul"]
[Black "Gourav, Nigam"]
[Result "0-1"]
[WhiteElo "1936"]
[BlackElo "1803"]
[PlyCount "66"]
[EventDate "2022.07.13"]
[EventType "swiss"]
[EventRounds "9"]
[EventCountry "ESP"]
[SourceTitle "CBM 209 Extra"]
[Source "ChessBase"]
[SourceDate "2022.09.30"]
[SourceVersion "1"]
[SourceVersionDate "2022.09.30"]
[SourceQuality "1"]

1. d4 Nf6 2. c4 g6 3. Nc3 Bg7 4. e4 d6 5. f4 0-0 6. Nf3 c5 7. d5 e6 8. dxe6 fxe6 9. Bd3 Nc6 10. 0-0 Nd4 11. Nxd4 cxd4 12. Nb5 e5 13. Qb3 Be6 14. Qb4 Ne8 15. f5 gxf5 16. exf5 Bf7 17. Qe1 d5 18. cxd5 a6 19. Na3 Bxd5 20. Nb1 Nd6 21. Nd2 Qd7 22. g4 Qc6 23. g5 e4 24. f6 exd3 25. Rf2 Rfe8 26. Qd1 Bf8 27. Nf1 Ne4 28. Rf4 Re5 29. h4 Qc2 30. Qg4 Qe2 31. Nh2 Be6 32. Qg2 Qxg2+ 33. Kxg2 d2 0-1

[Event "Barcelona Sant Marti op-A 22nd"]
[Site "Barcelona"]
[Date "2022.07.14"]
[Round "2"]
[White "Gourav, Nigam"]
[Black "Asylov, Miras"]
[Result "1/2-1/2"]
[WhiteElo "1803"]
[BlackElo "1947"]
[PlyCount "51"]
[EventDate "2022.07.13"]
[EventType "swiss"]
[EventRounds "9"]
[EventCountry "ESP"]
[SourceTitle "CBM 209 Extra"]
[Source "ChessBase"]
[SourceDate "2022.09.30"]
[SourceVersion "1"]
[SourceVersionDate "2022.09.30"]
[SourceQuality "1"]

1. e4 c5 2. Nf3 e6 3. d4 cxd4 4. Nxd4 Nf6 5. Nc3 d6 6. Be3 Be7 7. Be2 0-0 8. 0-0 Nc6 9. f4 e5 10. Nxc6 bxc6 11. Kh1 exf4 12. Bxf4 d5 13. exd5 Nxd5 14. Nxd5 Qxd5 15. Bf3 Qb5 16. a4 Qxb2 17. Re1 Be6 18. Bxc6 Rac8 19. Be5 Qb6 20. Be4 Rfd8 21. Qh5 g6 22. Qf3 Qa5 23. Bb2 Rb8 24. Reb1 Qc5 25. a5 Rb5 26. Qc3 1/2-1/2

[Event "Barbera del Valles op 44th"]
[Site "Barbera del Valles"]
[Date "2022.07.08"]
[Round "5"]
[White "Salinas Tomas, Daniel"]
[Black "Gourav, Nigam"]
[Result "1/2-1/2"]
[WhiteElo "2185"]
[BlackElo "1803"]
[PlyCount "39"]
[EventDate "2022.07.04"]
[EventType "swiss"]
[EventRounds "9"]
[EventCountry "ESP"]
[SourceTitle "EXT 2023"]
[Source "ChessBase"]
[SourceDate "2022.10.05"]
[SourceVersion "1"]
[SourceVersionDate "2022.10.05"]
[SourceQuality "1"]

1. Nf3 Nf6 2. g3 g6 3. b3 Bg7 4. Bb2 0-0 5. Bg2 d6 6. d4 a5 7. a4 d5 8. 0-0 c6 9. Nbd2 Na6 10. Ne5 Bf5 11. f3 c5 12. e4 Be6 13. c4 dxe4 14. d5 exf3 15. Ndxf3 Bc8 16. Qe2 Nb4 17. Rad1 Bf5 18. Ng5 Ra6 19. Rd2 Qc8 20. Ne4 1/2-1/2

[Event "Barbera del Valles op 44th"]
[Site "Barbera del Valles"]
[Date "2022.07.05"]
[Round "2"]
[White "Gourav, Nigam"]
[Black "Bernado Lopez, Roger"]
[Result "1-0"]
[WhiteElo "1803"]
[BlackElo "2315"]
[PlyCount "87"]
[EventDate "2022.07.04"]
[EventType "swiss"]
[EventRounds "9"]
[EventCountry "ESP"]
[SourceTitle "EXT 2023"]
[Source "ChessBase"]
[SourceDate "2022.10.05"]
[SourceVersion "1"]
[SourceVersionDate "2022.10.05"]
[SourceQuality "1"]

1. e4 e5 2. Nf3 Nc6 3. Bb5 Nf6 4. d3 Bc5 5. c3 d5 6. Qe2 0-0 7. 0-0 Re8 8. Bg5 a6 9. Ba4 b5 10. Bc2 Be6 11. Nbd2 h6 12. Bh4 Be7 13. Rfe1 dxe4 14. dxe4 Nd7 15. Bg3 Bc5 16. Nf1 Nf8 17. Ne3 Bxe3 18. Qxe3 f6 19. Nh4 g5 20. Nf5 Bxf5 21. exf5 Na5 22. Rad1 Qb8 23. Be4 Ra7 24. f4 c6 25. fxe5 Nc4 26. e6 Qb7 27. Qf3 Rc8 28. b3 Nb6 29. Rd6 Qe7 30. Red1 Rac7 31. Bxc6 h5 32. Bf2 g4 33. Qe4 Rb8 34. R6d4 Rbc8 35. Rd6 Rb8 36. Qf4 Rbc8 37. Bxb6 Rxc6 38. Rxc6 Rxc6 39. Bd4 Nh7 40. Qh6 b4 41. cxb4 g3 42. hxg3 Rc2 43. Bc5 Rxc5 44. Qg6+ 1-0